[Event "Sachsen-Anhalt-ch Seniors 18th"]
[Site "Osterburg"]
[Date "2010.06.08"]
[Round "4"]
[White "Liebscher, Helmar"]
[Black "Neukirch, Detlef"]
[Result "0-1"]
[WhiteElo "2102"]
[BlackElo "2275"]
[PlyCount "64"]
[EventDate "2010.06.06"]
[EventType "swiss"]
[EventRounds "7"]
[EventCountry "GER"]
[SourceTitle "EXT 2013"]
[Source "ChessBase"]
[SourceDate "2012.11.22"]
[SourceVersion "1"]
[SourceVersionDate "2012.11.22"]
[SourceQuality "1"]

1. e4 c5 2. Nf3 e6 3. d4 cxd4 4. Nxd4 a6 5. Bd3 Nf6 6. Nc3 Qc7 7. 0-0 b5 8. Nb3 Bb7 9. Qe2 d6 10. f4 Nbd7 11. Bd2 Be7 12. Rae1 e5 13. f5 b4 14. Nd1 d5 15. exd5 Bxd5 16. c4 Bb7 17. Bf4 0-0 18. Bg3 a5 19. Kh1 Bd6 20. c5 Bxc5 21. Nxc5 Qxc5 22. Ne3 Qd4 23. Bb5 Qb6 24. Bxd7 Nxd7 25. f6 Nxf6 26. Nc4 Qe6 27. b3 Ne4 28. Bxe5 Rfe8 29. Qf3 f6 30. Bf4 Qf5 31. Bc7 Nf2+ 32. Kg1 Bxf3 0-1

[Event "Sachsen-Anhalt-ch Seniors 18th"]
[Site "Osterburg"]
[Date "2010.06.06"]
[Round "1"]
[White "Neukirch, Detlef"]
[Black "Rost, Wolfgang"]
[Result "1-0"]
[WhiteElo "2275"]
[BlackElo "1841"]
[PlyCount "75"]
[EventDate "2010.06.06"]
[EventType "swiss"]
[EventRounds "7"]
[EventCountry "GER"]
[SourceTitle "EXT 2013"]
[Source "ChessBase"]
[SourceDate "2012.11.22"]
[SourceVersion "1"]
[SourceVersionDate "2012.11.22"]
[SourceQuality "1"]

1. e4 e6 2. d4 d5 3. e5 c5 4. c3 Qb6 5. Nf3 Bd7 6. a3 h5 7. b4 c4 8. a4 Nh6 9. Na3 a6 10. Bg5 Nf5 11. Be2 Be7 12. Bxe7 Nxe7 13. Ng5 g6 14. 0-0 Nf5 15. a5 Qd8 16. Qd2 Nc6 17. f4 Na7 18. g3 Nb5 19. Nc2 Qe7 20. Ne1 0-0-0 21. Nef3 Rdg8 22. Bd1 Be8 23. Bc2 Kb8 24. Kf2 h4 25. g4 Ng7 26. Rae1 Ka7 27. Kg2 f6 28. exf6 Qxf6 29. Kh3 Nxc3 30. Qxc3 Qxf4 31. Re5 Nh5 32. gxh5 gxh5 33. Rg1 Rh6 34. Qe3 Qxe3 35. Rxe3 Rf6 36. Kxh4 e5 37. Rxe5 Rf4+ 38. Kg3 1-0

[Event "Oberliga Ost-A 0910"]
[Site "Germany"]
[Date "2010.04.11"]
[Round "11.6"]
[White "Neukirch, Detlef"]
[Black "Rauhut, Frank"]
[Result "1/2-1/2"]
[WhiteElo "2278"]
[BlackElo "1977"]
[PlyCount "70"]
[EventDate "2009.10.18"]
[EventType "team-tourn"]
[EventRounds "11"]
[EventCountry "GER"]
[SourceTitle "EXT 2011"]
[Source "ChessBase"]
[SourceDate "2010.11.26"]
[SourceVersion "1"]
[SourceVersionDate "2010.11.26"]
[SourceQuality "1"]
[WhiteTeam "Halle USV"]
[BlackTeam "Jena Jenapharm"]
[WhiteTeamCountry "GER"]
[BlackTeamCountry "GER"]

1. e4 g6 2. d4 Bg7 3. Nc3 c5 4. d5 d6 5. a4 Nf6 6. Be2 0-0 7. Nf3 Bg4 8. Nd2 Bxe2 9. Qxe2 Nbd7 10. 0-0 Ne8 11. Nc4 e5 12. dxe6 fxe6 13. Rd1 Ne5 14. Be3 Nxc4 15. Qxc4 Qe7 16. Rd2 a6 17. Rad1 Be5 18. Ne2 g5 19. c3 Qf7 20. Rf1 Bf4 21. Qd3 c4 22. Qd4 Rc8 23. Bxf4 gxf4 24. f3 Rc5 25. Qf2 Ra5 26. g3 fxg3 27. hxg3 Rxa4 28. Qb6 Qh5 29. Nf4 Qg5 30. Rg2 Qe7 31. Rh2 Qc7 32. Qe3 Rf6 33. e5 dxe5 34. Nh5 Rg6 35. Rd1 Ra5 1/2-1/2

[Event "Oberliga Ost-A 0910"]
[Site "Germany"]
[Date "2010.04.10"]
[Round "10.6"]
[White "Broemel, Richard"]
[Black "Neukirch, Detlef"]
[Result "1/2-1/2"]
[WhiteElo "2163"]
[BlackElo "2278"]
[PlyCount "44"]
[EventDate "2009.10.18"]
[EventType "team-tourn"]
[EventRounds "11"]
[EventCountry "GER"]
[SourceTitle "EXT 2011"]
[Source "ChessBase"]
[SourceDate "2010.11.26"]
[SourceVersion "1"]
[SourceVersionDate "2010.11.26"]
[SourceQuality "1"]
[WhiteTeam "Jena Schott"]
[BlackTeam "Halle USV"]
[WhiteTeamCountry "GER"]
[BlackTeamCountry "GER"]

1. d4 Nf6 2. Nf3 e6 3. Bf4 c5 4. e3 cxd4 5. exd4 b6 6. Nbd2 Be7 7. c3 Ba6 8. Bxa6 Nxa6 9. 0-0 0-0 10. Qe2 Nb8 11. Rad1 Nc6 12. Nc4 d6 13. Rfe1 b5 14. Ncd2 a6 15. Nf1 Qb6 16. Ne3 d5 17. Ne5 Nxe5 18. Bxe5 Ne4 19. Rd3 f6 20. Bg3 Rf7 21. Nf1 Re8 22. Nd2 Nxd2 1/2-1/2